[Event "Santa Catarina State-ch U20 Girls"]
[Site "Blumenau"]
[Date "2018.08.25"]
[Round "3.8"]
[White "Machado, Isadora Santos"]
[Black "Feller, Isadora Cristina Vi"]
[Result "0-1"]
[WhiteElo "1764"]
[BlackElo "1175"]
[PlyCount "64"]
[EventDate "2018.08.24"]
[EventType "swiss"]
[EventRounds "6"]
[EventCountry "BRA"]
[SourceTitle "EXT 2022"]
[Source "ChessBase"]
[SourceDate "2021.10.06"]
[SourceVersion "1"]
[SourceVersionDate "2021.10.06"]
[SourceQuality "1"]

1. e4 e5 2. Nf3 d6 3. Bc4 Nf6 4. Nc3 Bg4 5. Be2 Be7 6. 0-0 0-0 7. d3 Nbd7 8. Be3 c6 9. d4 exd4 10. Bxd4 Re8 11. Re1 d5 12. exd5 cxd5 13. Be5 Nxe5 14. Nxe5 Bxe2 15. Qxe2 Bd6 16. Qd2 Bxe5 17. Rad1 d4 18. Nb5 Ng4 19. Nxd4 Bxh2+ 20. Kf1 Rxe1+ 21. Qxe1 Bf4 22. Qe4 Nh2+ 23. Kg1 Qh4 24. g3 Bxg3 25. Qxh4 Bxh4 26. Kxh2 Bf6 27. Nf5 Be5+ 28. Kg2 g6 29. Ne7+ Kh8 30. Rd7 Rc8 31. Rxb7 Rxc2 32. Rb8+ Bxb8 0-1